000 00448nam a2200157 i 4500
001 93585
003 ES-MaACL
005 20230906181250.0
007 t|
008 050414s1949 sp ||||1| spa d
100 1 _aLópez de Atalaya, Rafael.
_973528
245 1 0 _aAlma del agua
_b: novela /
_cRafael López de Atalaya.
260 _aValencia :
_bTipografía Moderna,
_c1949.
300 _a282 p. ;
_c17 cm.
852 _aES-MaACL
_jB-12929
_bR.27078
999 _c93585
_d93585